Sports Quiz

Random Sports or Soccer Quiz
Score 0/20 Timer 08:00
0 Plays Today
Likes Official Page Name % Correct
46,182,245FC Barcelona
99.3%
43,119,836Real Madrid CF
98.7%
36,007,995Manchester United FC
98%
13,137,587Liverpool FC
96.7%
19,217,623Chelsea FC
94%
15,650,766Arsenal FC
94%
6,556,344Manchester City Football Club
91.4%
17,774,252AC Milan
90.7%
9,137,634FC Bayern München
87.4%
7,575,221Juventus FC
84.8%
Likes Official Page Name % Correct
435,742Everton FC
49.7%
2,576,450Olympique de Marseille
40.4%
8,707,390Galatasaray
39.1%
692,007Los Angeles Galaxy
33.8%
4,061,467Club Atlético Boca Juniors
32.5%
6,736,919Fenerbahçe
29.8%
4,039,551Besiktas
24.5%
337,605New York Red Bulls
15.9%
458,833Chivas USA
11.3%
324,088Seattle Sounders FC
10.6%
Remove Ads.
Support Sporcle.
Get the best of Sporcle when you Go Orange. This ad-free experience offers more features, more stats, and more fun while also helping to support Sporcle. Thank you for becoming a member.

You're not logged in!

Compare scores with friends on all Sporcle quizzes.
OR
Log In

Show Comments

Extras

Top Quizzes Today


Score Distribution

Your Account Isn't Verified!

In order to create a playlist on Sporcle, you need to verify the email address you used during registration. Go to your Sporcle Settings to finish the process.

Report this User

Report this user for behavior that violates our Community Guidelines.

Details: